LEADER 01027cam0-2200325---450- 001 990008776590403321 005 20120124094534.0 010 $a978-0-521-68447-7 035 $a000877659 035 $aFED01000877659 035 $a(Aleph)000877659FED01 035 $a000877659 100 $a20081210d2007----km-y0itay50------ba 101 0 $aeng 102 $aGB 105 $aa-------001yy 200 1 $aAnalysis of variance and covariance$ehow to choose and construct models for the life sciences$fC. Patrick Doncaster and Andrew J. H. Davey 210 $aCambridge$cCambridge University Press$d2007 215 $aXIII, 287 p.$cill.$d23 cm 610 0 $aAnalisi della varianza 676 $a570.15195$v22$zita 700 1$aDoncaster,$bC. Patrick$0314519 701 1$aDavey,$bAndrew J. H.$0504209 801 0$aIT$bUNINA$gREICAT$2UNIMARC 901 $aBK 912 $a990008776590403321 952 $aVI E 1327$b43613$fFSPBC 959 $aFSPBC 996 $aAnalysis of variance and covariance$9810026 997 $aUNINA LEADER 03931oam 2200769I 450 001 9910457563903321 005 20200520144314.0 010 $a1-134-51524-3 010 $a1-280-21588-7 010 $a9786610215881 010 $a0-203-48837-7 024 7 $a10.4324/9780203488379 035 $a(CKB)1000000000360448 035 $a(EBL)182241 035 $a(OCoLC)437250932 035 $a(SSID)ssj0000181444 035 $a(PQKBManifestationID)11181630 035 $a(PQKBTitleCode)TC0000181444 035 $a(PQKBWorkID)10165665 035 $a(PQKB)11485033 035 $a(SSID)ssj0001146087 035 $a(PQKBManifestationID)12374734 035 $a(PQKBTitleCode)TC0001146087 035 $a(PQKBWorkID)11124122 035 $a(PQKB)11677499 035 $a(MiAaPQ)EBC182241 035 $a(Au-PeEL)EBL182241 035 $a(CaPaEBR)ebr10162598 035 $a(CaONFJC)MIL21588 035 $a(OCoLC)252718170 035 $a(EXLCZ)991000000000360448 100 $a20180331d2005 uy 0 101 0 $aeng 135 $aur|n|---||||| 181 $ctxt 182 $cc 183 $acr 200 00$aInternational migration and the globalization of domestic politics /$fedited by Rey Koslowski 210 1$aLondon ;$aNew York :$cRoutledge,$d2005. 215 $a1 online resource (217 p.) 225 1 $aTransnationalism 300 $aDescription based upon print version of record. 311 $a0-415-42967-6 311 $a0-415-25815-4 320 $aIncludes bibliographical references and index. 327 $aIntroduction / Rey Koslowski -- International migration and the globalization of domestic politics : a conceptual framework / Rey Koslowski -- Immigrant organizations and the globalization of Turkey's domestic politics / Nedim O?gelman -- Mobilizing ethnic conflict : Kurdish separatism in Germany and the PKK / Alynna J. Lyon and Emek M. Uc?arer -- Israelis in a Jewish diaspora : the dilemmas of a globalized group / Gallya Lahav and Asher Arian -- Migrant membership as an instituted process : transnationalization, the state and the extra-territorial conduct of Mexican politics / Robert C. Smith -- Politics from outside : Chinese overseas and political and economic change in China / Amy L. Freedman -- Opposing constructions and agendas : the politics of Hindu and Indian American organizations / Prema Kurien -- A marooned diaspora : ethnic Russians in the near abroad and their impact on Russia's foreign policy and domestic politics / Robert A. Saunders. 330 $aIncreasing international migration, the information revolution and democratization have propelled a globalization of the domestic politics of many states and, although diasporic politics is not new, emigrant political participation in homeland politics has grown as well as adapted to the new methods of the information revolution. This book examines the participation of emigrants in their home country politics. It considers the consequences of such participation for domestic and foreign policies in both host and home country, and explores the theoretical implications for democracy, nationalism, 410 0$aTransnationalism. 606 $aImmigrants$xPolitical activity$vCase studies 606 $aEmigration and immigration$xPolitical aspects 606 $aWorld politics$y1989- 606 $aGlobalization$xPolitical aspects 608 $aElectronic books. 615 0$aImmigrants$xPolitical activity 615 0$aEmigration and immigration$xPolitical aspects. 615 0$aWorld politics 615 0$aGlobalization$xPolitical aspects. 676 $a325/.1 686 $a74.94$2bcl 701 $aKoslowski$b Rey$0148354 801 0$bMiAaPQ 801 1$bMiAaPQ 801 2$bMiAaPQ 906 $aBOOK 912 $a9910457563903321 996 $aInternational migration and the globalization of domestic politics$92014108 997 $aUNINA LEADER 03403nas 2200589 n 450 001 990008986090403321 005 20240229084453.0 011 $a0021-8928 035 $a000898609 035 $aFED01000898609 035 $a(Aleph)000898609FED01 035 $a000898609 091 $2CNR$aP 00004671 100 $a20090724a19589999km-y0itaa50------ba 101 0 $aeng 102 $aGB 110 $aauu-------- 200 1 $aJournal of applied mathematics and mechanics 207 1$a1958- 210 $aOxford$cPergamon press 326 $aBimestrale 452 0$12001$aJournal of applied mathematics and mechanics 530 0 $aJournal of applied mathematics and mechanics 675 $a51.004 675 $a531.8 676 $a620 676 $a531.017 712 02$aAmerican Society of Mechanical Engineers 712 02$aPergamon Institute 801 0$aIT$bACNP$c20090723 859 4 $uhttp://acnp.cib.unibo.it/cgi-ser/start/it/cnr/dc-p1.tcl?catno=2228&person=false&language=ITALIANO&libr=&libr_th=unina1$zBiblioteche che possiedono il periodico 901 $aSE 912 $a990008986090403321 958 $aBiblioteca "Carlo Miranda" del Dipartimento di Matematica e Applicazioni "Renato Caccioppoli" Università Federico II$b1958-2006;$c1990-1991;$ePER. 125$fMA1 958 $aBiblioteca. Dipartimento di Ingegneria aerospaziale. Sezione Spazio "Luigi G. Napolitano". Università degli studi di Napoli Federico II$b1978-1979;1983;$c1983;$fDINAE 958 $aBiblioteca. Biennio della Facoltà di Ingegneria dell'Università Federico II$b1982-1997;$c1984-1985;1990;1992;1997;$fFINBN 958 $aBiblioteca Centrale "F. Gasparini". Facoltà di Ingegneria. Università degli Studi di Napoli "Federico II"$b1963-1972;1974-2006;$edXIIIc1; Vg2$fFINBC FINAG 958 $aBiblioteca del Dipartimento di Ingegneria Strutturale Università degli Studi di Napoli "Federico II"$b1972-1976;$fIINTC 959 $aMA1 959 $aDINAE 959 $aFINBN 959 $aFINBC 959 $aFINAG 959 $aIINTC 996 $aJournal of applied mathematics and mechanics$9794081 997 $aUNINA AP1 8 $6866-01$aNA014 Biblioteca "Carlo Miranda" del Dipartimento di Matematica e Applicazioni "Renato Caccioppoli" Università Federico II$bPER. 125$ev. Cintia-Monte Sant'Angelo, 80126 Napoli (NA)$m081-675749/675738/675848$m081-675746 opp.7662106$nit AP1 8 $6866-02$aNA099 Biblioteca. Dipartimento di Ingegneria aerospaziale. Sezione Spazio "Luigi G. Napolitano". Università degli studi di Napoli Federico II$ep.le Tecchio,80, Napoli (NA)$m(081) 7682355$nit AP1 8 $6866-03$aNA103 Biblioteca. Biennio della Facoltà di Ingegneria dell'Università Federico II$ev. Claudio,21, Napoli (NA)$m(081) 7683346$nit AP1 8 $6866-04$aNA104 Biblioteca Centrale "F. Gasparini". Facoltà di Ingegneria. Università degli Studi di Napoli "Federico II"$bdXIIIc1; Vg2$ep.le Tecchio,80, 80125 Napoli (NA)$m0817682190;0817682195$m0817682188$nit AP1 8 $6866-05$aNA129 Biblioteca del Dipartimento di Ingegneria Strutturale Università degli Studi di Napoli "Federico II"$eP.le Tecchion° 80, 80125 Napoli (NA)$m(081) 7683333$m(081) 7683332$nit AP2 40$aacnp.cib.unibo.it$nACNP Italian Union Catalogue of Serials$uhttp://acnp.cib.unibo.it/cgi-ser/start/it/cnr/df-p.tcl?catno=2228&language=ITALIANO&libr=&person=&B=1&libr_th=unina&proposto=NO